History of African trade (Record no. 45580)
[ view plain ]
| 000 -LEADER | |
|---|---|
| fixed length control field | 00604nam a2200169 a 4500 |
| 008 - FIXED-LENGTH DATA ELEMENTS--GENERAL INFORMATION | |
| fixed length control field | 190129s2017 ||||||||||||||||| || u |
| 020 ## - INTERNATIONAL STANDARD BOOK NUMBER | |
| International Standard Book Number | 9789295097162 |
| 050 ## - LIBRARY OF CONGRESS CALL NUMBER | |
| Classification number | DT 21 Aky |
| 100 ## - MAIN ENTRY--PERSONAL NAME | |
| Personal name | Akyeampong, Emmanuel |
| 245 10 - TITLE STATEMENT | |
| Title | History of African trade |
| Statement of responsibility, etc. | BY Emmanuel Akyeampong |
| 260 ## - PUBLICATION, DISTRIBUTION, ETC. | |
| Place of publication, distribution, etc. | Cairo: |
| Date of publication, distribution, etc. | 2017 |
| 300 ## - PHYSICAL DESCRIPTION | |
| Extent | 26p.: ill. |
| 650 ## - SUBJECT ADDED ENTRY--TOPICAL TERM | |
| Topical term or geographic name entry element | AFRICA--CIVILIZATION |
| 650 ## - SUBJECT ADDED ENTRY--TOPICAL TERM | |
| Topical term or geographic name entry element | AFRICA--HISTORY--TO 1884-1918 |
| 650 ## - SUBJECT ADDED ENTRY--TOPICAL TERM | |
| Topical term or geographic name entry element | AFRICA--HISTORY--TO 1884 |
| 995 ## - RECOMMENDATION 995 [LOCAL, UNIMARC FRANCE] | |
| -- | CBU-MAIN LIBRARY (Kitwe) |
| -- | 1 |
| -- | AVAILABLE |
| -- | Feb 6, 2019 |
| -- | Main Library Open Access Collection |
| Withdrawn status | Lost status | Source of classification or shelving scheme | Damaged status | Not for loan | Home library | Current library | Shelving location | Date acquired | Total Checkouts | Full call number | Barcode | Date last seen | Price effective from | Koha item type |
|---|---|---|---|---|---|---|---|---|---|---|---|---|---|---|
| CBU-MAIN LIBRARY, KITWE. | CBU-MAIN LIBRARY, KITWE. | 11/30/2022 | DT 21 Aky | 748867 | 11/30/2022 | 11/30/2022 | MONOGRAPH |